| 000 | 00622nam a2200205 i 4500 | ||
|---|---|---|---|
| 001 | 5695 | ||
| 003 | ES-MaACL | ||
| 005 | 20230906144649.0 | ||
| 007 | t| | ||
| 008 | 890421s1987 sp ||||1| spa d | ||
| 020 | _a84-237-0724-5 | ||
| 080 | _a515(076) | ||
| 100 | 1 |
_aIzquierdo Asensi, Fernando. _965718 |
|
| 245 | 1 | 0 |
_aEjercicios de geometría descriptiva / _cFernando Izquierdo Asensi. |
| 250 | _a10ª ed. ref. y ampl. | ||
| 260 |
_aMadrid : _bDossat, _cD.L. 1987. |
||
| 300 |
_a508 p. : _bil. ; _c28 cm. |
||
| 650 | 1 | 4 |
_aGeometría descriptiva- _vProblemas. _913101 |
| 852 |
_aES-MaACL _jL-12594 _bR.115970 _z. - rust. |
||
| 999 |
_c5695 _d5695 |
||